Flags of NATO Countries - Sudden Death - Statistics

General Stats
  • This quiz has been taken 2,701 times
  • The average score is 12 of 32
Answers on the Grid
Answers color-coded by a green-red scale on the quiz's grid according to % correct below.
 
Answer Stats
Answer % Correct
59%
58%
53%
53%
52%
49%
48%
45%
45%
45%
44%
43%
42%
41%
41%
37%
37%
37%
35%
34%
32%
32%
32%
30%
30%
30%
29%
28%
28%
23%
20%
20%
No matching quizzes found
Score Distribution
Percent of People with Each Score
Percentile by Number Answered
Your Score History
You have not taken this quiz